| 000 | 03560cam a2200469 i 4500 | ||
|---|---|---|---|
| 001 | 22887961 | ||
| 003 | CSPC | ||
| 005 | 20260203152820.0 | ||
| 007 | t| | ||
| 008 | 221201s2023 mdu b 001 0 eng | ||
| 010 | _a 2022054694 | ||
| 020 |
_a9781475867602 _qPaperback _qacid-free paper |
||
| 035 | _a(DLC)22887961 | ||
| 040 |
_aDLC _beng _erda _cDLC _dDLC _dDLC-MRC _dDLC _dCSPC |
||
| 042 | _apcc | ||
| 043 |
_an-us--- _0http://id.loc.gov/vocabulary/geographicAreas/n-us |
||
| 050 | 0 | 0 |
_aLB1025.3 _b.R34 2023 |
| 082 | 0 | 0 |
_a371.102 _bR12j _223/eng/20221206 |
| 100 | 1 |
_aRaebeck, Barry, _eauthor. _4aut _4http://id.loc.gov/vocabulary/relators/aut _0http://id.loc.gov/authorities/names/n93030520 _1http://id.loc.gov/rwo/agents/n93030520 |
|
| 245 | 1 | 0 |
_aJoyful teaching : _bbeing the teacher you admired / _cBarry Raebeck. |
| 264 | 1 |
_aLanham, Maryland : _bRowman & Littlefield, _c2023. |
|
| 300 |
_axviii, 99 pages ; _c24 cm. |
||
| 336 |
_atext _btxt _2rdacontent _0http://id.loc.gov/vocabulary/contentTypes/txt |
||
| 337 |
_aunmediated _bn _2rdamedia _0http://id.loc.gov/vocabulary/mediaTypes/n |
||
| 338 |
_avolume _bnc _2rdacarrier _0http://id.loc.gov/vocabulary/carriers/nc |
||
| 504 | _aIncludes bibliographical references and index. | ||
| 505 | 0 | _aWhat are we doing today -- Why are we doing this -- Teaching to your students -- They will care for you when you care for them -- Sit down and shut up: secrets of classroom management -- The classroom as a house -- The classroom as a theater -- Highly effective assessment -- More terrific assignments -- Making and keeping parents happy -- Building relationships -- Coda: joyful teaching. | |
| 520 | _a"The book is both a call to action and a how-to guide to effective teaching"-- Provided by publisher. | ||
| 520 | _a"The book is both a call to action and a how-to guide to effective teaching. It is written in a readable, accessible style, yet it is supported by a wealth of knowledge and experience. The intended audience is aspiring and current secondary school teachers and administrators, curriculum directors, and college education professors, as well as lay people interested in practical progressive education. This book offers dozens of strategies and original ideas to enhance teaching all manner of students in all kinds of secondary schools"-- Amazon | ||
| 650 | 0 |
_aEffective teaching _zUnited States. _0http://id.loc.gov/authorities/subjects/sh2008102486 |
|
| 650 | 0 |
_aSchool improvement programs _zUnited States. _0http://id.loc.gov/authorities/subjects/sh2008111248 |
|
| 650 | 0 |
_aEducational change _zUnited States. _0http://id.loc.gov/authorities/subjects/sh2008102490 |
|
| 650 | 0 |
_aLearning. _0http://id.loc.gov/authorities/subjects/sh85075520 |
|
| 758 | _1http://id.loc.gov/resources/instances/22887961 | ||
| 758 |
_4http://id.loc.gov/ontologies/bibframe/instanceOf _1http://id.loc.gov/resources/works/22887961 |
||
| 776 | 1 |
_iOnline version _4http://id.loc.gov/entities/relationships/onlineversion _aRaebeck, Barry _tJoyful teaching _dLanham, Maryland: Rowman & Littlefield, [2023] _w(DLC) 2022054695 _z9781475867619 _z9781475867596 _z9781475867602 |
|
| 884 |
_aDLC bibframe2marc v2.10-dev _g20250625 _qDLC _uhttps://github.com/lcnetdev/bibframe2marc/releases/tag/v2.10-dev |
||
| 906 |
_a7 _bcbc _corignew _d1 _eecip _f20 _gy-gencatlg |
||
| 942 |
_2ddc _cBK _e23 _h371.102 _iR12j _kCIR _m2023 _n0 |
||
| 999 |
_c31664 _d31664 |
||